000 00204nam a22000857a 4500
008 161130b xxu||||| |||| 00| 0 eng d
100 _91599
_aNCERT
245 _aMath Magic-III
260 _aNew Delhi
_bNCERT
_c2006
999 _c4317
_d4317